Xenoblade Chronicles Characters - Statistics

General Stats
  • This quiz has been taken 536 times
  • The average score is 10 of 15
Answer Stats
Hint Character % Correct
Wielder of the Monado Shulk
99%
Hero of The Battle of Sword Valley Dunban
94%
Main Character's Childhood Friend Fiora
93%
Heropon Riki
93%
Colony 6 Healer Sharla
93%
Princess of the High Entia Melia
91%
Colony 9 Solider Reyn
90%
Sharla's "little brother" Juju
73%
Colonel of Colony 6 Defense Force Otharon
47%
Chief of Nopon Chief Dunga
45%
Emperor of the High Entia Emperor Sorean Antiqua
38%
Prince of High Entia Kalian
35%
Agent of the Bionite Order Tyrea
32%
Doctor of Machina Linada
26%
Square-Tasche (Colonel of Colony 9 Defense Force) Vagarre
3%
No matching quizzes found
Score Distribution
Percent of People with Each Score
Percentile by Number Answered
Your Score History
You have not taken this quiz